000
00306nam a2200121Ia 4500
008
190216s9999||||xx |||||||||||||| ||und||
100
_a
Sharma T R & Singh Chaudhan S D
245
0
_a
Elemetns Of Corporation Finance
260
_b
Abhishek Pub
_c
1978
300
_a
400p
650
_a
Commerce
942
_c
BK
999
_c
4782
_d
4782